00595nam a22001937a 4500001000500000005001700005020001800022040002900040050001400069082000800083100001700091245004200108260003400150300002200184505000600206520015000212521002100362521001800383170020230918085646.0 a9780590486811 aFISKHbengcFISKHdFISKH aQB500.B43 a520 aBeasant, Pam a1000 facts about space /cPam Beasant aNew York :bScholastic,c2010 a47 pages :c28 cm aQ aText and illustrations present information about such space-related topics as gallaxies, stars, the planets, moon landings, and modern astronomy. a870 bLexile IG aQ bRaz-Plus